| 000 | 00847nam a2200301 a 4500 | ||
|---|---|---|---|
| 003 | AR-BaBNM | ||
| 005 | 20251128204707.0 | ||
| 008 | 082120s2002 ||||||||||||||000 | spa|| | ||
| 020 | _a950-22-0312-7 | ||
| 040 | _cAR-BaBNM | ||
| 100 | 1 | _aDennis, Brian | |
| 245 | 0 | 0 | _aProyectos sonoros |
| 260 |
_aBuenos Aires _bRicordi _c1991 |
||
| 300 |
_a71 p. _bil., diagr. |
||
| 500 | _aContiene en notas de fuentes, los títulos de las canciones utilizadas | ||
| 650 | 4 | _aENSEÑANZA DE LA MUSICA | |
| 650 | 4 | _aEDUCACION ARTISTICA | |
| 650 | 4 | _aCANCIONES | |
| 650 | 4 | _aCANCIONES FOLKLORICAS | |
| 650 | 4 | _aMETODOS DE ENSEÑANZA | |
| 650 | 4 | _aMUSICA | |
| 653 | _aEDUCACION PRIMARIA | ||
| 653 | _aEDUCACION SECUNDARIA | ||
| 653 | _aPROCESO DE ENSEÑANZA-APRENDIZAJE | ||
| 700 | 1 |
_aSchultis, Juan _etraductor |
|
| 942 | _cBK | ||
| 998 | _csilvi | ||
| 999 |
_c8452 _d8452 |
||